| 000 | 00808nam a2200217 a 4500 | ||
|---|---|---|---|
| 999 |
_c1679 _d1679 |
||
| 003 | BD-JhCC | ||
| 005 | 20171031123126.0 | ||
| 008 | 171023s2006 bg |||| ||a| 000 0 ben d | ||
| 020 | _a9844101069 | ||
| 035 | _a(BD-JhCC) | ||
| 040 |
_aBD-JhCC _dBD-JhCC |
||
| 041 | _aben | ||
| 082 |
_a891.4409 _bSDL 2006 |
||
| 100 | _aশহীদুল্লাহ্, ডক্টর মুহম্মদ | ||
| 245 |
_aবাংলা সাহিত্যের কথা : _cডক্টর মুহম্মদ শহীদুল্লাহ্ _bপ্রাচীন যুগ / |
||
| 260 |
_aঢাকা : _bমাওলা ব্রাদার্স প্রকাশনী, _c২০০৬. |
||
| 300 |
_a133 p. : _c22 cm. |
||
| 650 |
_aBengali Literature _xLiterature |
||
| 942 |
_2ddc _cBK |
||